[Event "Niederbayernliga 1415"]
[Site "Bayern"]
[Date "2015.02.22"]
[Round "7.7"]
[White "Bauer, David1111"]
[Black "Kosinoga, Anton"]
[Result "1-0"]
[WhiteElo "1675"]
[BlackElo "1545"]
[PlyCount "67"]
[EventDate "2014.10.19"]
[EventType "team-tourn"]
[EventRounds "9"]
[EventCountry "GER"]
[SourceTitle "EXT 2023"]
[Source "ChessBase"]
[SourceDate "2022.10.05"]
[SourceVersion "1"]
[SourceVersionDate "2022.10.05"]
[SourceQuality "1"]
[WhiteTeam "Schaibing"]
[BlackTeam "Ergolding"]
[WhiteTeamCountry "GER"]
[BlackTeamCountry "GER"]

1. e4 e6 2. d4 d5 3. exd5 Qxd5 4. c4 Qa5+ 5. Bd2 Bb4 6. Nc3 Bxc3 7. Bxc3 Qg5 8. Nf3 Qf4 9. Bd3 Nf6 10. 0-0 0-0 11. h3 Nbd7 12. c5 c6 13. Re1 h6 14. Bc2 Qc7 15. Qd3 b6 16. b4 a5 17. cxb6 Qxb6 18. bxa5 Qb5 19. Qd2 Nd5 20. Rab1 Qa6 21. Bd3 Qa7 22. Ne5 Nxc3 23. Qxc3 Nxe5 24. Rxe5 Ba6 25. Bxa6 Qxa6 26. Rb6 Qa7 27. Rxc6 Rfd8 28. Rec5 Qd7 29. a6 Qxd4 30. Qxd4 Rxd4 31. Rc8+ Rxc8 32. Rxc8+ Kh7 33. a7 Ra4 34. a8Q 1-0

[Event "Niederbayernliga 1415"]
[Site "Bayern"]
[Date "2014.12.06"]
[Round "4.7"]
[White "Kosinoga, Anton"]
[Black "Pissinger, Martin"]
[Result "0-1"]
[WhiteElo "1545"]
[BlackElo "1888"]
[PlyCount "68"]
[EventDate "2014.10.19"]
[EventType "team-tourn"]
[EventRounds "9"]
[EventCountry "GER"]
[SourceTitle "EXT 2023"]
[Source "ChessBase"]
[SourceDate "2022.10.05"]
[SourceVersion "1"]
[SourceVersionDate "2022.10.05"]
[SourceQuality "1"]
[WhiteTeam "Ergolding"]
[BlackTeam "Straubing SC"]
[WhiteTeamCountry "GER"]
[BlackTeamCountry "GER"]

1. d4 g6 2. c4 Nf6 3. Nf3 Bg7 4. e3 d6 5. Bd3 0-0 6. Nc3 Nc6 7. 0-0 e5 8. dxe5 dxe5 9. Be2 Bf5 10. Nh4 Be6 11. Nf3 h6 12. b3 Qe7 13. Nb5 Rfd8 14. Qe1 a6 15. Ba3 Qd7 16. Nc3 Qe8 17. e4 Nh5 18. Nd5 Rd7 19. Bc1 f5 20. Nh4 Nf4 21. g3 Nh3+ 22. Kg2 fxe4 23. Bxh6 Nd4 24. Rc1 g5 25. Bxg7 Kxg7 26. g4 Nf4+ 27. Nxf4 exf4 28. Nf5+ Bxf5 29. gxf5 Nxe2 30. f3 Nxc1 31. Qc3+ Kf7 32. Rxc1 Qh8 33. Qxh8 Rxh8 34. fxe4 Rd2+ 0-1